000 01020aab a2200217 i 4500
001 768714001
003 CO-MdFUSB
005 20250730124010.0
008 240403t1989 ag ||||| |||| 00| 0 spa d
040 _bspa
_cCO-MdFUSB
041 _aspa
100 1 _aPadilla, C. René
_eautor
245 1 0 _aLuz del mundo, sal de la tierra
_c/ C. René Padilla
246 _aSal del mundo, luz de la tierra
300 _aVolumen 8, número 2, (junio, 1989), páginas: 4 - 5
_c; 27 cm
520 _aLa historia de la iglesia abunda en ilustraciones de la contribución de los cristianos a la solución de problemas sociales. Es hora de que los evangélicos latinoamericanos tomemos conciencia de este hermoso legado del pasado y nos comprometamos de lleno en la lucha por la justicia a lo largo y a lo ancho de nuestro afligida América.
650 0 _aEvangelización
_9362
773 0 _tIglesia y Misión
_049402
_959672
_gVolumen 8, número 2, (junio, 1989), páginas: 4 - 5
_qpáginas: 4
942 _cANA
945 _aJTF-925
999 _c51825
_d51825